Personálny marketing vo vybranom podniku bakalárska práca

Salvato in:
Dettagli Bibliografici
Autore principale: Rybanská, Kristína
Ente Autore: Fakulta podnikového manažmentu EU. Katedra manažmentu
Altri autori: Čirčová, Vanda, 1997-
Natura: Libro
Lingua:slovacco
Pubblicazione: Bratislava 2023
Tags: Aggiungi Tag
Nessun Tag, puoi essere il primo ad aggiungerne!!

MARC

LEADER 00000nbm a2200000 4500
001 0293691
005 20240507083924.9
041 0 |a slo 
044 |a SK 
245 1 0 |a Personálny marketing vo vybranom podniku  |b bakalárska práca  |c Kristína Rybanská ; školiteľ: Vanda Čirčová 
264 1 |a Bratislava  |c 2023 
300 |a 64 s. 
100 1 |a Rybanská, Kristína 
700 1 |a Čirčová, Vanda, 1997- 
710 2 |a Fakulta podnikového manažmentu EU. Katedra manažmentu